Historia de las cruzadas / (Record no. 18543)

MARC details
000 -LEADER
campo de control de longitud fija 00735nam a2200241 i 4500
001 - NÚMERO DE CONTROL
campo de control 18543
003 - IDENTIFICADOR DE NÚMERO DE CONTROL
campo de control ES-MaACL
005 - FECHA Y HORA DE LA ÚLTIMA TRANSACCIÓN
campo de control 20240209181029.0
007 - CAMPO FIJO DE DESCRIPCIÓN FÍSICA--INFORMACIÓN GENERAL
campo de control de longitud fija t|
008 - DATOS DE LONGITUD FIJA--INFORMACIÓN GENERAL
campo de control de longitud fija 011105s2001 sp ||||1| spa d
020 ## - NÚMERO INTERNACIONAL ESTÁNDAR DEL LIBRO
Número Internacional Estándar del Libro 84-7090-362-4
080 ## - NÚMERO DE LA CLASIFICACIÓN DECIMAL UNIVERSAL
Número de la Clasificación Decimal Universal 940.18
100 0# - ENTRADA PRINCIPAL--NOMBRE DE PERSONA
Nombre de persona Mayer, H.E (
Forma completa/desarrollada del nombre Hans Eberhard)
9 (RLIN) 79354
245 10 - MENCIÓN DEL TÍTULO
Título Historia de las cruzadas /
Mención de responsabilidad, etc. Hans Eberhard Mayer ; traducción de Jesús Espino Nuño.
260 ## - PUBLICACIÓN, DISTRIBUCIÓN, ETC.
Lugar de publicación, distribución, etc. Madrid :
Nombre del editor, distribuidor, etc. Istmo,
Fecha de publicación, distribución, etc. [2001]
300 ## - DESCRIPCIÓN FÍSICA
Extensión 446 p. ;
Dimensiones 18 cm.
490 1# - MENCIÓN DE SERIE
Mención de serie Fundamentos ;
Designación de volumen o secuencia 197
650 #4 - PUNTO DE ACCESO ADICIONAL DE MATERIA--TÉRMINO DE MATERIA
Término de materia o nombre geográfico como elemento de entrada Cruzadas.
9 (RLIN) 11463
700 1# - ENTRADA AGREGADA--NOMBRE PERSONAL
Nombre de persona Espino Nuño, Jesús.
9 (RLIN) 47864
830 00 - PUNTO DE ACCESO ADICIONAL DE SERIE-TÍTULO UNIFORME
Título uniforme Fundamentos (Ediciones Istmo)
Designación de volumen o secuencia 197
9 (RLIN) 121682
852 ## - LOCALIZACIÓN
Ubicación ES-MaACL
Número de control de estantería L-25117
Sublocalización o colección R.130496
Holdings
Estatus retirado Estado de pérdida Estado de daño No para préstamo Biblioteca de origen Biblioteca actual Ubicación en estantería Fecha de adquisición Fuente de adquisición Total de préstamos Signatura topográfica completa Código de barras Visto por última vez Precio de reemplazo Tipo de ítem Koha
        Biblioteca del Ateneo de Madrid Biblioteca del Ateneo de Madrid Depósito 2 17/01/2008     L-25117 1018976 23/02/2023 23/02/2023 Libro impreso